Reverse Dictionary #28 - Statistics

General Stats
  • This quiz has been taken 67 times
  • The average score is 19 of 25
Answer Stats
Definition First Letter Word % Correct
A piece of furniture, usually flat and soft, on which to rest or sleep. B Bed
98%
A colour like that of chocolate or coffee. B Brown
98%
To give (someone or something) a solid substance to eat. F Feed
98%
Any of several flowers in the genus Lilium of the family Liliaceae, which includes a great many ornamental species. L Lily
98%
The head of state of a republic. P President
98%
A person who does not eat animal flesh, or, in some cases, use any animal products. V Vegetarian
98%
(anatomy) The joint between the upper arm and the forearm. E Elbow
97%
A hoofed mammal, Equus ferus caballus, often used throughout history for riding and draft work. H Horse
97%
To become something different. C Change
95%
1. A corridor. 2. The principal room of a secular medieval building. H Hall
93%
A structure built or serving as an abode of human beings. H House
93%
One who enters into, or offers themselves for, any service of their own free will, especially when done without pay. V Volunteer
92%
Designating the side of the body toward the west when one is facing north; the side of the body on which the heart is located in most humans. L Left
89%
To make (something old or outdated) up to date in style or function by adding or changing equipment, designs, etc. M Modernize
84%
(statistics) The average of a set of values, calculated by summing them together and dividing by the number of terms. M Mean
79%
(law) A decision on an issue of fact in a civil or criminal case or an inquest. V Verdict
79%
To destroy with a violent release of energy (sometimes mechanical, nuclear, or chemical). E Explode
67%
A group of people gathered to judge, interview, discuss etc. as on a television or radio broadcast for example P Panel
67%
Movement or advancement through a series of events, or points in time; development through time. P Progress
56%
(military) A quick hostile or predatory incursion or invasion in a battle. R Raid
52%
Accurately, competently, satisfactorily. W Well
49%
A document issued by some authority, creating a public or private institution, and defining its purposes and privileges. C Charter
39%
Something that consists of diverse elements. M Mixture
39%
Causing great surprise. A Astonishing | Astounding
38%
(derogatory) A person with unwarranted bias, favoritism, or devotion to their own particular group, cause, or idea. C Chauvinist
7%
No matching quizzes found
Score Distribution
Percent of People with Each Score
Percentile by Number Answered
Your Score History
You have not taken this quiz